000 00695nam a2200217Ii 4500
003 JO-AjNU
008 230605s9999||||xx |||||||||||||| ||und||
017 _a1985/401
040 _aJO-AjNU
_bara
_erda
_cJO-AjNU
041 _aara
050 1 4 _aPJ8034.S2597 1985
100 3 _aبقلم البغدادي،يونس الشيخ إبراهيم السامرائي,
_eauthor
_914269
245 0 0 _aمجالس بغداد
250 _aط1
264 3 1 _aبغداد: المكتبة العالمية، 1985
300 _a229ص
336 _atext
_btxt
_2rdacontent
337 _aunmediated
_bn
_2rdamedia
338 _avolume
_bnc
_2rdacarrier
650 4 _aبغداد (العراق) - تراجم
_914270
999 _aA3765
_c7333
_d7333